[Event "POL-chT U19 31st"]
[Site "Wisla"]
[Date "2000.07.27"]
[Round "9.2"]
[White "Skrzypnik, Maciej"]
[Black "Singer, Krystian"]
[Result "1-0"]
[WhiteElo "2246"]
[BlackElo "2062"]
[PlyCount "107"]
[EventDate "2000.07.19"]
[EventType "team-tourn"]
[EventRounds "11"]
[EventCountry "POL"]
[SourceTitle "EXT 2005"]
[Source "ChessBase"]
[SourceDate "2004.11.15"]
[SourceVersion "1"]
[SourceVersionDate "2004.11.15"]
[SourceQuality "1"]
[WhiteTeam "Gorzow Wielkopolski Stilon U19"]
[BlackTeam "Skierniewice KS Piatka U19"]
[WhiteTeamCountry "POL"]
[BlackTeamCountry "POL"]

1. e4 e6 2. d3 b5 3. g3 Bb7 4. Bg2 Nf6 5. Nf3 Be7 6. 0-0 d6 7. Nc3 a6 8. h3 0-0 9. Ne1 Nfd7 10. f4 f5 11. exf5 Bxg2 12. Nxg2 exf5 13. Nd5 Nf6 14. Nxe7+ Qxe7 15. Re1 Qf7 16. b3 Nbd7 17. Bb2 Rfe8 18. Qf3 Qh5 19. Qxh5 Nxh5 20. Kf2 Kf7 21. Ne3 g6 22. Kf3 Nhf6 23. g4 fxg4+ 24. hxg4 h5 25. g5 Ng8 26. f5 Ne7 27. f6 Nf5 28. Nxf5 gxf5 29. Kf4 Kg6 30. Re7 Rxe7 31. fxe7 Nb6 32. c4 Re8 33. Re1 Nc8 34. Re6+ Kf7 35. Rf6+ Kxe7 36. Kxf5 Kd7 37. Rf7+ Re7 38. Kf6 Rxf7+ 39. Kxf7 h4 40. Bc1 h3 41. Bf4 bxc4 42. bxc4 Ne7 43. g6 d5 44. c5 d4 45. g7 c6 46. a3 a5 47. a4 h2 48. Bxh2 Nf5 49. Bf4 Nxg7 50. Kxg7 Ke6 51. Kg6 Kd5 52. Bd6 Ke6 53. Kg5 Kd5 54. Kf4 1-0

[Event "POL-chT U19 31st"]
[Site "Wisla"]
[Date "2000.07.25"]
[Round "7.2"]
[White "Lercel, Michal"]
[Black "Singer, Krystian"]
[Result "1-0"]
[WhiteElo "2192"]
[BlackElo "2062"]
[PlyCount "71"]
[EventDate "2000.07.19"]
[EventType "team-tourn"]
[EventRounds "11"]
[EventCountry "POL"]
[SourceTitle "EXT 2005"]
[Source "ChessBase"]
[SourceDate "2004.11.15"]
[SourceVersion "1"]
[SourceVersionDate "2004.11.15"]
[SourceQuality "1"]
[WhiteTeam "Wroclaw Srodmiescie U19"]
[BlackTeam "Skierniewice KS Piatka U19"]
[WhiteTeamCountry "POL"]
[BlackTeamCountry "POL"]

1. e4 c5 2. Nf3 g6 3. c3 Bg7 4. d4 cxd4 5. cxd4 d5 6. exd5 Nf6 7. Nc3 Nxd5 8. Bc4 Nb6 9. Bb3 0-0 10. 0-0 Bg4 11. h3 Bxf3 12. Qxf3 Nc6 13. Be3 e5 14. dxe5 Qe7 15. e6 fxe6 16. Qe2 Nd7 17. Rad1 Kh8 18. Ne4 e5 19. Ng5 Nb6 20. Qg4 Rad8 21. Rxd8 Nxd8 22. Rd1 Qf6 23. Bc5 h5 24. Qg3 Re8 25. Rd6 Qf5 26. Rxd8 Rxd8 27. Nf7+ Kh7 28. Nxd8 Nd7 29. Be3 Qb1+ 30. Kh2 e4 31. Nf7 Qxb2 32. Ng5+ Kh8 33. Nf7+ Kh7 34. Qc7 Nf8 35. Ng5+ Kh8 36. Qf7 1-0

[Event "POL-chT U19 31st"]
[Site "Wisla"]
[Date "2000.07.23"]
[Round "5.2"]
[White "Bartel, Mateusz"]
[Black "Singer, Krystian"]
[Result "1/2-1/2"]
[WhiteElo "2327"]
[BlackElo "2062"]
[PlyCount "56"]
[EventDate "2000.07.19"]
[EventType "team-tourn"]
[EventRounds "11"]
[EventCountry "POL"]
[SourceTitle "EXT 2005"]
[Source "ChessBase"]
[SourceDate "2004.11.15"]
[SourceVersion "1"]
[SourceVersionDate "2004.11.15"]
[SourceQuality "1"]
[WhiteTeam "Warszawa Polonia TOP GAN U19"]
[BlackTeam "Skierniewice KS Piatka U19"]
[WhiteTeamCountry "POL"]
[BlackTeamCountry "POL"]

1. e4 Nf6 2. e5 Nd5 3. d4 d6 4. Nf3 dxe5 5. dxe5 Bg4 6. Be2 e6 7. 0-0 Be7 8. c4 Nb6 9. Nbd2 N8d7 10. b3 c5 11. Bb2 Qc7 12. Qc2 0-0-0 13. a4 Nb8 14. Bc3 Nc6 15. a5 Nd7 16. a6 b6 17. Qe4 h5 18. h3 Bf5 19. Qe3 g5 20. Nxg5 Bxg5 21. Qxg5 Bxh3 22. Qh4 Bg4 23. f3 Bf5 24. f4 Nf8 25. Kf2 Ng6 26. Qg3 h4 27. Qe3 Nd4 28. Ne4 Nc2 1/2-1/2

[Event "Swidnica op-A"]
[Site "Swidnica"]
[Date "2000.??.??"]
[Round "5"]
[White "Jedynak, Radoslaw"]
[Black "Singer, Krystian"]
[Result "1-0"]
[WhiteElo "2295"]
[BlackElo "2010"]
[PlyCount "81"]
[EventDate "2000.07.??"]
[EventType "swiss"]
[EventRounds "10"]
[EventCountry "POL"]
[SourceTitle "EXT 2003"]
[Source "ChessBase"]
[SourceDate "2002.11.25"]
[SourceVersion "1"]
[SourceVersionDate "2002.11.25"]
[SourceQuality "1"]

1. d4 Nf6 2. c4 g6 3. Nc3 d5 4. cxd5 Nxd5 5. Na4 Bg7 6. Nf3 Bg4 7. e3 0-0 8. Be2 c6 9. 0-0 Nd7 10. h3 Bxf3 11. Bxf3 Nc7 12. Qb3 Rb8 13. Rd1 e5 14. dxe5 Qe7 15. Bd2 Nxe5 16. Be2 Ne6 17. Rac1 c5 18. Nc3 Qh4 19. Be1 Nc6 20. Nd5 Rfe8 21. Bf1 Qd8 22. Bc3 Bxc3 23. Qxc3 Ncd4 24. exd4 Qxd5 25. dxc5 Qg5 26. Qd2 Qe5 27. Re1 Qc7 28. b4 Rbd8 29. Qc3 a5 30. b5 Rd5 31. b6 Qc6 32. Qxa5 Rc8 33. Bb5 Rxc5 34. Bxc6 Rxa5 35. Bxb7 Rxc1 36. Rxc1 Rxa2 37. Bd5 Rb2 38. b7 Kg7 39. Rc8 Rb1+ 40. Kh2 Nf4 41. Bf3 1-0

[Event "POL-ch U16"]
[Site "Wisla"]
[Date "2000.??.??"]
[Round "7"]
[White "Singer, Krystian"]
[Black "Przybylski, Wojciech"]
[Result "1/2-1/2"]
[WhiteElo "2011"]
[BlackElo "2177"]
[PlyCount "53"]
[EventDate "2000.02.26"]
[EventType "swiss"]
[EventRounds "10"]
[EventCountry "POL"]
[SourceTitle "EXT 2005"]
[Source "ChessBase"]
[SourceDate "2004.11.15"]
[SourceVersion "1"]
[SourceVersionDate "2004.11.15"]
[SourceQuality "1"]

1. e4 c6 2. d4 d5 3. Nc3 dxe4 4. Nxe4 Nf6 5. Nxf6+ exf6 6. Bf4 Bd6 7. Bxd6 Qxd6 8. Nf3 0-0 9. Qd2 Re8+ 10. Be2 Qe6 11. 0-0 Qd6 12. Rfe1 Bg4 13. h3 Bd7 14. Bd3 Na6 15. Bxa6 bxa6 16. c4 g5 17. Rxe8+ Rxe8 18. Re1 Rd8 19. Nxg5 Bf5 20. Nf3 Kh8 21. Qe3 Be6 22. b3 Rg8 23. Kh1 a5 24. Nd2 Rd8 25. Nf3 Rg8 26. Qc3 Qf4 27. Qe3 1/2-1/2

[Event "POL-ch U16"]
[Site "Wisla"]
[Date "2000.??.??"]
[Round "2"]
[White "Singer, Krystian"]
[Black "Slezak, Robert"]
[Result "0-1"]
[WhiteElo "2011"]
[BlackElo "2121"]
[PlyCount "74"]
[EventDate "2000.02.26"]
[EventType "swiss"]
[EventRounds "10"]
[EventCountry "POL"]
[SourceTitle "EXT 2005"]
[Source "ChessBase"]
[SourceDate "2004.11.15"]
[SourceVersion "1"]
[SourceVersionDate "2004.11.15"]
[SourceQuality "1"]

1. e4 c5 2. Nf3 Nc6 3. Nc3 d6 4. d4 cxd4 5. Nxd4 e5 6. Ndb5 Nf6 7. Bg5 a6 8. Na3 b5 9. Bxf6 gxf6 10. Nd5 f5 11. c3 Bg7 12. exf5 Bxf5 13. Be2 Be6 14. Bf3 Rc8 15. 0-0 0-0 16. Re1 Kh8 17. Nc2 f5 18. Nf4 Bf7 19. Bxc6 Rxc6 20. Nd5 Rg8 21. a4 Rc5 22. Ndb4 Bh6 23. Nxa6 Qa8 24. f3 Qxa6 25. axb5 Qxb5 26. Qxd6 Bg7 27. Nb4 Rcc8 28. Ra7 Bc4 29. Kh1 Rcd8 30. Qc7 Bf1 31. Kg1 Be2 32. Ra5 Qc4 33. Rc5 Qh4 34. Nc2 Rd2 35. Rxe5 Bxf3 36. Qc5 Rxg2+ 37. Kf1 Qxh2 0-1